000 01400cac a2200277 a 4500
003 Co-PeBPM
005 20260409175209.0
007 ta
008 240322s2023 ck |||| |||| 00| 0 spa d
020 _a9786289561500
040 _aCo-PeBPM
_bspa
_cCo-PeBPM
_erda
041 _aspa
082 0 4 _aCo863 B562b
_222
100 1 _aBetancourt, David,
_d1982- ,
_eautor
245 1 0 _aBuenos muchachos
_b: Cuento
_c/ David Betancourt
250 1 _aPrimera edición
264 _aPereira, Risaralda
_b: Klepsidra Editores
_c, 2023
300 _a101 página
_c21 centímetro
500 _aIncluye índice
520 _aAnoche casi no me pude dormir. Di vueltas en la cama como el balón de colores de Felipe Rodríguez, así, sin exagerar. Me movía de un lado para otro, daba vueltas y vueltas y vueltas y los ojos nada que se cerraban. Me ardía la cara más que nunca, me picaba la cabeza como cuando tenía piojos y la cobija me fastidiaba tanto como las vistas de mis tías los domingos en la tarde. Preferiría tener pesadillas que estar imaginado esas cosas que me caminan por la mente y que no me dejan dormir ni comer ni reír, esas cosas que andan conmigo aferradas desde la noticia de mi madrina.
546 _aspa
650 1 7 _aLiteratura colombiana
_2Lemb
650 1 7 _aCuentos colombianos
_2Lemb
942 _2ddc
_cLIT
_n0
999 _c26651
_d26651